| 000 | 00633nam a2200229Ia 4500 | ||
|---|---|---|---|
| 003 | OSt | ||
| 005 | 20220923225554.0 | ||
| 006 | a|||||r|||| 00| 0 | ||
| 007 | ta | ||
| 008 | 220922b |||||||| |||| 00| 0 snd d | ||
| 024 | _a271,703 | ||
| 037 | _cTextual | ||
| 040 |
_aARTS _cARTS _bsnd |
||
| 041 |
_2snd _asnd |
||
| 082 | _aO122,3M02,1, 1593K3;K9 | ||
| 100 | _aमंगाराम, अनु. | ||
| 245 | 0 | _aदुखी इन्सान | |
| 246 | _aDukhī insāna | ||
| 260 | _c1969 | ||
| 942 |
_hO122,3M02,1, 1593K3;K9 _cTEXL _2CC |
||
| 999 |
_c379195 _d379195 |
||